000 00756cab a2200193 4500
001 ABS40346
008 090401t1989 xxu||||| |||| 00| 0 eng d
035 _a(Sirsi) u23212
041 _aeng
100 _aBar-Hillel, Mira
245 _aCaution : something in the air
260 _c1989
350 _a0
490 _aChartered Surveyor Weekly
_v26(8) 23 February 1989, 28-30(2)
520 _aDraws together information on legionnaires` disease , contained in "Guidance for designers, installers, maintenance and managers of building water systems with respect to Legionnaires` disease", published in loose-leaf up-dateable form by Rosehaugh Project Services.
690 _aBUILT ENVIRONMENT-BUILDING STANDARDS
942 _n0
948 _c04/03/1997
999 _c15534
_d15534